000 00435nam a22001337a 4500
020 _qPB.
040 _cFizza Ishaq
082 _a872.01
_bERU
100 _aSegal, Erich.
_9107633
245 _aFour Comedies : The Braggart Soldier, The Brothers Menaechmus, The Haunted House, The Pot of Gold /
_cErich Segal.
260 _aNew York :
_bOxford University Press,
_c1996.
300 _a242 p. ;
_c 7.7 x 0.8 x 5.1 inches
942 _2ddc
_cBK
999 _c616436
_d616436